Statistics for WWE - Top 20 most famous active Wrestlers

Click here to take the quiz!

General Stats

  • This quiz has been taken 1,415 times
    (1,186 since last reset)
  • The average score is 15 of 20

Answer Stats

#HintWWE Superstar% Correct
01.You can't see meJohn Cena
99%
07.RKORandy Orton
92%
06.The Lunatic /Ex-ShieldDean Ambrose
91%
05.Superman Punch / Ex-ShieldRoman Reigns
91%
04.The architect / Ex-ShieldSeth Rollins
91%
02.eat, sleep, break the streakBrock Lesnar
90%
12.The phenomenal .........Aj Styles
86%
11.Sister abigailBray Wyatt
85%
19.AwesomeThe Miz
82%
17.Big Red MachineKane
81%
09.the swiss swingerCesaro
77%
16.World's largest manThe Big Show
77%
15.The bulgarian bruteRusev
76%
18.The list of .......Chris Jericho
71%
08.The great WhiteSheamus
71%
10.Fight ..... Fight!Kevin Owens
68%
03.Brother NeroJeff Hardy
62%
14.Stealing the showDolph Ziggler
55%
13.He is brokenMatt Hardy
53%
20.Ole, Ole, Ole, OleSami Zayn
36%

Score Distribution

Percentile by Number Answered

Percent of People with Each Score

Your Score History

You have not taken this quiz since the last reset